000 00272nam a22001217a 4500
041 _aENG
100 _aKumar .P
245 _aManaging Energy Efficently in Hotas And Commeral Buings
260 _aDelhi
_bTeri
_c2002
300 _a148
650 _aEOES
856 _uEOES
999 _c2647
_d2647